| 000 | 00730nam a2200241 a 4500 | ||
|---|---|---|---|
| 001 | BRCA_6989 | ||
| 005 | 20190320205653.0 | ||
| 008 | 231111s178u----fr-ab#####---#000-0#fre-# | ||
| 041 | _afre | ||
| 044 | _afr | ||
| 050 | 4 |
_aG1015 _b.G74 1780 |
|
| 100 | 1 |
_aGrenet, L´Abbe _917396 |
|
| 245 | 1 | 0 |
_aAtlas portatif à l´usage des colleges, pour servit à l´intelligence des auteurs classiques _cpar L´Abbe Grenet. |
| 260 |
_a[s.l.] _b[s.n.] _c[178-?] |
||
| 300 |
_a86 mapas _bil. _c?? cm. |
||
| 500 | _aDedicado a la Universidad de París | ||
| 500 | _aMapa inventariado por Banco de México como libro | ||
| 500 | _aO223 | ||
| 650 | 1 | 4 |
_aAtlas _917397 |
| 650 | 1 | 4 |
_aAutores clásicos _917398 |
| 902 | _aGFM | ||
| 942 |
_2lcc _cB |
||
| 999 |
_c6670 _d6670 |
||